Watch Out: Paternalism Is Taking Over Europe!

Ochranársky štát (nanny state) a paternalizmus. Spotreba alkoholu a súvisiace politiky: Pigouviánske dane, minimálna jednotková cena, obmedzenia predaja. Spotreba tabaku, pokles spotreby po zvýšení ceny, presun do tieňovej ekonomiky. Tabak a súvisiace politiky: jednoduché balenie, zákazy fajčenia, s...

ver descrição completa

Na minha lista:
Detalhes bibliográficos
Autor principal: Writz, Bill
Formato: Capítulo de Livro
Idioma:inglês
Assuntos:
Tags: Adicionar Tag
Sem tags, seja o primeiro a adicionar uma tag!

MARC

LEADER 00000nla a2200000 4500
001 0246322
005 20220801090631.3
041 0 |a eng 
044 |a PL 
245 1 0 |a Watch Out: Paternalism Is Taking Over Europe!  |c Bill Writz 
520 |a Ochranársky štát (nanny state) a paternalizmus. Spotreba alkoholu a súvisiace politiky: Pigouviánske dane, minimálna jednotková cena, obmedzenia predaja. Spotreba tabaku, pokles spotreby po zvýšení ceny, presun do tieňovej ekonomiky. Tabak a súvisiace politiky: jednoduché balenie, zákazy fajčenia, sloboda konať samodeštruktívne. Výrobky s obsahom cukru a tuku - osobná voľba. Thalerova teória postrkovania (nudge theory) vo verejnej politike. 
610 2 0 |a sloboda 
610 2 0 |a politika 
610 2 0 |a politika verejná 
610 2 0 |a ekonómia behaviorálna 
610 2 0 |a štát 
610 2 0 |a regulácia 
610 2 0 |a spotreba 
610 2 0 |a dane 
610 2 0 |a ceny 
610 2 0 |a štýl životný 
610 2 0 |a nápoje alkoholické 
610 2 0 |a tabak 
610 2 0 |a výrobky tabakové 
610 2 0 |a balenie 
610 2 0 |a ekonomika tieňová 
610 2 0 |a potraviny 
610 2 0 |a cukor 
610 2 0 |a tuky 
610 2 0 |a stredná Európa 
610 2 0 |a východná Európa 
610 2 0 |a Európa 
610 2 0 |a Európska únia 
100 1 |a Writz, Bill